Engineering Sciences and Production Management 2023 Green Approaches in Business and the Sustainability of Socio‐economic Development
Guardado en:
| Autor Corporativo: | |
|---|---|
| Otros Autores: | , |
| Formato: | Libro |
| Lenguaje: | inglés |
| Publicado: |
Prešov
Vydavateľstvo Prešovskej univerzity v Prešove
2023
|
| Edición: | 1st Edition |
| Materias: | |
| Etiquetas: |
Sin Etiquetas, Sea el primero en etiquetar este registro!
|
MARC
| LEADER | 00000nlm a2200000 4500 | ||
|---|---|---|---|
| 001 | 0298341 | ||
| 005 | 20240416114216.0 | ||
| 020 | |a 978-80-555-3194-6 | ||
| 041 | 0 | |a eng | |
| 044 | |a SK | ||
| 245 | 1 | 0 | |a Engineering Sciences and Production Management 2023 |b Green Approaches in Business and the Sustainability of Socio‐economic Development |c Reviewers: Peter Adamišin, Marta Starostka-Patyk |
| 250 | |a 1st Edition | ||
| 264 | 1 | |a Prešov |b Vydavateľstvo Prešovskej univerzity v Prešove |c 2023 | |
| 300 | |a 113 s. | ||
| 610 | 2 | 0 | |a inžinieri |
| 610 | 2 | 0 | |a riadenie výroby |
| 610 | 2 | 0 | |a podnikanie zodpovedné |
| 610 | 2 | 0 | |a ochrana prostredia životného |
| 610 | 2 | 0 | |a ekonomika zelená |
| 610 | 2 | 0 | |a udržateľnosť |
| 610 | 2 | 0 | |a rozvoj sociálno-ekonomický |
| 700 | 1 | |a Adamišin, Peter | |
| 700 | 1 | |a Starostka-Patyk, Marta | |
| 110 | 2 | |a Engineering Sciences and Production Management 2023 : Green Approaches in Business and the Sustainability of Socio‐economic Development. Workshop | |